| 000 | 00551cam a2200193ua 4500 | ||
|---|---|---|---|
| 001 | 11428 | ||
| 005 | 20260515114743.0 | ||
| 008 | 190919n ii |||gr||||Z||||||eng | ||
| 020 | _a9780198835752 | ||
| 040 | _cMAIN | ||
| 082 | _a809 | ||
| 100 |
_aMichael taylor, _eAuthor. |
||
| 245 |
_aShakespeare criticism in the Twentieth century _cBy Michael taylor |
||
| 260 |
_aNew Delhi: _bOxford University Press, _c2001. |
||
| 300 | _a278p. | ||
| 653 | _aHistory, description & criticism | ||
| 653 | _aShakespeare criticism and scholarship | ||
| 942 | _cBK | ||
| 999 |
_c10258 _d10258 |
||